[Event "Cto de Aragon  Equipos Cat Preferente"]
[Site "Aragon"]
[Date "2010.02.20"]
[Round "5.54"]
[White "Sanmiguel Mateo Luis"]
[Black "Abos Rosico Antonio"]
[Result "0-1"]
[WhiteElo "1968"]
[BlackElo "2047"]

1.e4 d6 2.d4 Nf6 3.Nc3 g6 4.Nf3 Bg7 5.h3 O-O 6.Be3 Na6 7.Be2 c5 8.O-O b6 9.Qd2
Nc7 10.Bh6 Bb7 11.Bxg7 Kxg7 12.Qe3 Qe8 13.e5 Nfd5 14.Nxd5 Nxd5 15.Qd2 dxe5 16.
Nxe5 cxd4 17.Qxd4 f6 18.Ng4 e5 19.Qd1 Rd8 20.Qe1 Nf4 21.f3 Qa4 22.c4 Qc2 23.
Rf2 Qxb2 24.Bf1 Qd4 25.Kh1 Qc5 26.Rc2 Nxh3 27.gxh3 Bxf3+ 28.Bg2 Bxg4 29.hxg4
Rd4 30.Qe2 h5 31.Bf3 hxg4 32.Bxg4 Rh8+ 33.Kg2 f5 34.Bh3 Qc6+ 35.Kh2 Qf6 36.Rc3
e4 37.Rh1 Qd6+ 38.Kg1 Rd1+ 39.Bf1 Qd4+ 40.Qe3 Qxe3+ 41.Rxe3 Rxf1+ 42.Kxf1
Rxh1+ 43.Kg2 Rc1 0-1

[Event "Cto de Aragon  Equipos Cat Preferente"]
[Site "Aragon"]
[Date "2010.02.20"]
[Round "5.55"]
[White "Perez Puyal Jose Joaquin"]
[Black "Muniz Vicente Juan Luis"]
[Result "1-0"]
[WhiteElo "1909"]
[BlackElo "1862"]

1.e4 c5 2.Nc3 e6 3.f4 a6 4.Nf3 Nc6 5.d3 d6 6.g3 Nf6 7.Bg2 Be7 8.O-O O-O 9.h3
Qc7 10.Be3 Bd7 11.Qd2 Rad8 12.Qf2 b5 13.Ne2 e5 14.fxe5 Nxe5 15.Nf4 Qc8 16.g4
Nxf3+ 17.Bxf3 Bc6 18.Rae1 Nd7 19.Nd5 Bxd5 20.exd5 Bf6 21.c4 Ne5 22.Be2 Ng6 23.
g5 Be5 24.Bg4 Qc7 25.Bf5 Ne7 26.Be4 Qd7 27.Qh4 g6 28.b3 Kh8 29.Rf3 Ng8 30.Ref1
Kg7 31.Kg2 Qe7 32.Qf2 f5 33.gxf6+ Bxf6 34.Qd2 1-0

[Event "Cto de Aragon  Equipos Cat Preferente"]
[Site "Aragon"]
[Date "2010.02.20"]
[Round "5.56"]
[White "Juni Pardos Marcos"]
[Black "Carrasquer Alonso Luis"]
[Result "1-0"]
[WhiteElo "1820"]
[BlackElo "1706"]

1.e4 d5 2.exd5 Qxd5 3.Nc3 Qa5 4.d4 Bf5 5.Bc4 Nf6 6.Nf3 Nbd7 7.O-O c6 8.Re1 e6
9.d5 cxd5 10.Nxd5 Nxd5 11.Bxd5 Bxc2 12.Qd4 O-O-O 13.Bd2 Qxd5 14.Qxd5 exd5 15.
Rac1 f6 16.Rxc2+ Kb8 17.Bf4+ Ka8 18.Nd4 Nc5 19.Re3 g5 20.Bg3 Ne4 21.Ne6 Bc5
22.Nxd8 Rxd8 23.Rd3 Rc8 24.Kf1 f5 25.f3 f4 26.Be1 Nf6 27.b4 b6 28.bxc5 bxc5
29.Bf2 c4 30.Ra3 Rc7 31.Bd4 Ne8 32.Re2 Nd6 33.Be5 c3 34.Rxc3 1-0

[Event "Cto de Aragon  Equipos Cat Preferente"]
[Site "Aragon"]
[Date "2010.02.20"]
[Round "5.57"]
[White "Garcia Lopez Alberto Jose"]
[Black "Ansola Marquinez Alberto"]
[Result "1-0"]
[WhiteElo "1971"]
[BlackElo "2147"]

1.Nf3 e6 2.g3 f5 3.Bg2 Nf6 4.d3 Be7 5.b3 O-O 6.Bb2 a5 7.c4 d6 8.O-O e5 9.Nbd2
Nc6 10.e3 Qe8 11.a3 Qh5 12.Ne1 Qh6 13.Nc2 f4 14.exf4 exf4 15.Ne4 Ng4 16.h3 Nf6
17.Nxf6+ Bxf6 18.Bxf6 Rxf6 19.Bd5+ Kh8 20.h4 Bh3 21.Re1 Raf8 22.Qe2 fxg3 23.
fxg3 Rf2 24.Qxf2 1-0

[Event "Cto de Aragon  Equipos Cat Preferente"]
[Site "Aragon"]
[Date "2010.02.20"]
[Round "5.58"]
[White "Garcia Asenjo Antonio"]
[Black "Minguez Guinda Andres"]
[Result "1-0"]
[WhiteElo "2023"]
[BlackElo "1896"]

1.e4 c5 2.Nf3 d6 3.d4 cxd4 4.Nxd4 Nf6 5.Nc3 Nc6 6.Be2 e5 7.Nb3 Be7 8.Be3 O-O
9.O-O Be6 10.Bf3 a6 11.Nd5 Bxd5 12.exd5 Na5 13.Nd2 b5 14.b4 Nc4 15.Nxc4 bxc4
16.c3 Qd7 17.Qc2 Ne8 18.Be2 Rc8 19.f4 f5 20.Rad1 g6 21.a4 Nf6 22.Kh1 Ng4 23.
Bg1 exf4 24.Rxf4 Bf6 25.Bxg4 fxg4 26.Rdf1 Be5 27.Rxf8+ Rxf8 28.Rxf8+ Kxf8 29.
a5 g3 30.hxg3 Bxg3 31.Qe4 Be5 32.Bd4 g5 33.Bxe5 dxe5 34.Qxe5 Qf7 35.d6 Qh5+
36.Kg1 Qd1+ 37.Kf2 Qd2+ 38.Kg3 h5 39.Qf6+ Kg8 40.Qd8+ Kf7 41.Qe7+ Kg6 42.Qe4+
Kg7 43.Qe5+ Kg6 44.Kh2 g4 45.Kg3 Qd3+ 46.Kh4 Qd2 47.Qxh5+ Kf6 48.Qh8+ Kg6 49.
Qg8+ Kf6 50.Qf8+ Ke5 51.g3 Ke6 52.Qf4 Qxc3 53.Kxg4 Qxb4 54.Qf5+ 1-0

[Event "Cto de Aragon  Equipos Cat Preferente"]
[Site "Aragon"]
[Date "2010.02.20"]
[Round "5.59"]
[White "Buil Montanes Carlos"]
[Black "Argueso Pascual Jorge"]
[Result "1/2-1/2"]
[WhiteElo "1895"]
[BlackElo "1997"]

1.d4 d5 2.Nf3 Nf6 3.c4 e6 4.Nc3 Be7 5.Bg5 Nbd7 6.e3 O-O 7.Rc1 c6 8.Bd3 dxc4 9.
Bxc4 Nd5 10.Bxe7 Qxe7 11.O-O Nxc3 12.Rxc3 e5 13.dxe5 Nxe5 14.Nxe5 Qxe5 15.f4
Qe4 16.Qf3 Bf5 17.Qxe4 Bxe4 18.Rd1 Rad8 19.Rcc1 Rfe8 20.Kf2 Kf8 21.Be2 Ke7 22.
Rxd8 Rxd8 23.Rd1 Rxd1 24.Bxd1 Kd6 25.g4 c5 26.Bb3 f6 27.Bg8 h6 28.h4 g5 29.
hxg5 hxg5 30.Ke2 b5 31.a3 c4 32.Bf7 a5 33.Be8 Kc5 34.fxg5 fxg5 35.Bf7 b4 36.
axb4+ Kxb4 37.Kd2 Kb3 38.Kc1 a4 39.Be6 Bd3 40.Bd5 a3 41.bxa3 Kxa3 42.e4 Kb4
43.e5 Kc5 44.Bf3 c3 45.Kd1 Kb6 46.Bd5 Kc7 47.Bb3 Kd7 48.Bd5 Ke7 49.Kc1 Be2 50.
Kc2 Bxg4 51.Kxc3 Bf5 1/2-1/2

[Event "Cto de Aragon  Equipos Cat Preferente"]
[Site "Aragon"]
[Date "2010.02.20"]
[Round "5.60"]
[White "Ruiz Gutierrez Jose Manuel"]
[Black "Lencina Orodea Javier"]
[Result "1-0"]
[WhiteElo "1899"]
[BlackElo "1781"]

1.c4 Nf6 2.Nc3 c5 3.Nf3 d6 4.g3 e5 5.Bg2 Be7 6.O-O O-O 7.h3 Nbd7 8.Re1 Re8 9.
e3 a6 10.d4 Rb8 11.a4 Qb6 12.dxe5 Nxe5 13.Nxe5 dxe5 14.a5 Qe6 15.b3 Bd7 16.e4
h6 17.Ra2 Red8 18.Nd5 Bc6 19.Rae2 Rd6 20.f4 Bd8 21.fxe5 Bxa5 22.exd6 Bxe1 23.
Qxe1 Qxd6 24.Bf4 1-0

[Event "Cto de Aragon  Equipos Cat Preferente"]
[Site "Aragon"]
[Date "2010.02.20"]
[Round "5.61"]
[White "Neila Castillo Miguel Angel"]
[Black "Latorre Abad Fernando"]
[Result "0-1"]
[WhiteElo "2079"]
[BlackElo "2067"]

1.c4 g6 2.d4 Bg7 3.Nc3 Nf6 4.e4 d6 5.f4 O-O 6.Be2 c5 7.d5 e6 8.Nf3 exd5 9.cxd5
b5 10.Bxb5 Nxe4 11.Nxe4 Qa5+ 12.Nfd2 Qxb5 13.Nxd6 Qa6 14.N2c4 Rd8 15.Qe2 Bf8
16.Ne8 Bg4 17.Qxg4 Rxe8+ 18.Ne3 Bg7 19.Qe2 Bd4 20.Kf2 Qd6 21.Qf3 Nd7 22.Rd1
Nf6 23.Kg1 Re4 24.Kh1 Rae8 25.Nf1 Nxd5 26.Bd2 Bxb2 27.Rab1 Bd4 28.Ng3 R4e7 29.
f5 f6 30.fxg6 hxg6 31.Qg4 Rg7 32.Bh6 Ne3 33.Bxe3 Rxe3 34.Qc8+ Qf8 35.Qc6 Qe8
36.Qd5+ Qe6 37.Rb8+ Kh7 38.Qd8 Re1+ 39.Nf1 g5 40.Qh8+ Kg6 41.Rxe1 Qxe1 42.Qe8+
Qxe8 43.Rxe8 Rb7 44.Re1 Rb2 45.a4 Ra2 46.Rc1 Rxa4 47.Nd2 Be3 0-1

[Event "Cto de Aragon  Equipos Cat Preferente"]
[Site "Aragon"]
[Date "2010.02.20"]
[Round "5.62"]
[White "Cobo Garrido Diego Israel"]
[Black "Azaiez F"]
[Result "1-0"]
[WhiteElo "2014"]
[BlackElo "2014"]

1.d4 Nf6 2.Nf3 e6 3.Bg5 d5 4.e3 Be7 5.Bd3 h6 6.Bf4 Nbd7 7.Nbd2 a6 8.Ne5 c5 9.
c3 Qb6 10.Rb1 Nb8 11.O-O O-O 12.Kh1 Bd7 13.Qf3 Bb5 14.Qh3 Bxd3 15.Nxd3 Nbd7
16.Rg1 cxd4 17.exd4 Ne4 18.Nxe4 dxe4 19.Ne5 Nxe5 20.Bxe5 Qc6 21.Rbe1 Bg5 22.
Qg3 f6 23.Bf4 Bxf4 24.Qxf4 f5 25.Rgf1 Rae8 26.f3 Qd5 27.g3 e5 28.dxe5 Qxe5 29.
Qxe5 Rxe5 30.fxe4 fxe4 31.Rxf8+ Kxf8 32.Kg1 Ke7 33.Kf2 Ke6 34.Ke3 b5 35.Rd1
Rd5 36.Rd4 Rxd4 37.Kxd4 Kf5 1-0

[Event "Cto de Aragon  Equipos Cat Preferente"]
[Site "Aragon"]
[Date "2010.02.20"]
[Round "5.63"]
[White "Garcia Valer Jesus V"]
[Black "Vasilev Vas"]
[Result "1-0"]
[WhiteElo "1828"]
[BlackElo "1933"]

1.e4 d6 2.Nc3 g6 3.g3 Bg7 4.Bg2 c5 5.d3 Nc6 6.f4 Nf6 7.Nf3 Bg4 8.h3 Bxf3 9.
Bxf3 Rb8 10.O-O e6 11.Be3 Nd7 12.Qd2 Qa5 13.f5 Bd4 14.fxe6 fxe6 15.Bg4 Bxe3+
16.Qxe3 Nd4 17.Rf2 Qd8 18.Raf1 h5 19.Bd1 Rh7 20.Ne2 Nxe2+ 21.Bxe2 Qe7 22.d4 a6
23.c3 Kd8 24.b4 Kc7 25.dxc5 dxc5 26.e5 cxb4 27.cxb4 Qxb4 28.Rc1+ Kd8 29.Qg5+
Qe7 30.Qxg6 Rg7 31.Qxh5 Rxg3+ 32.Kh2 Qg7 33.Qh4+ Rg5 34.Rg2 Qxe5+ 35.Kh1 1-0

[Event "Cto de Aragon  Equipos Cat Preferente"]
[Site "Aragon"]
[Date "2010.02.20"]
[Round "5.64"]
[White "Sanz Lopez Ruben"]
[Black "Santos Morales Marco Antonio"]
[Result "1-0"]
[WhiteElo "1897"]
[BlackElo "1777"]

1.d4 Nf6 2.Bg5 Ne4 3.Bf4 g5 4.Bc1 h6 5.f3 Nf6 6.e4 d6 7.Nc3 Nbd7 8.Bc4 Bg7 9.
Be3 O-O 10.Qd2 c5 11.Nge2 Nb6 12.Bb5 cxd4 13.Nxd4 e5 14.Nb3 d5 15.Bc5 d4 16.
Bxf8 Bxf8 17.Ne2 a6 18.Bd3 Na4 19.O-O-O Be6 20.Kb1 b5 21.h4 gxh4 22.Rxh4 Nd5
23.exd5 Qxh4 24.dxe6 fxe6 25.f4 Bg7 26.fxe5 Bxe5 27.g3 1-0

[Event "Cto de Aragon  Equipos Cat Preferente"]
[Site "Aragon"]
[Date "2010.02.27"]
[Round "6.2"]
[White "Glavina Rossi Pablo"]
[Black "Forcen Esteban Daniel"]
[Result "0-1"]
[WhiteElo "2478"]
[BlackElo "2267"]

1.Nf3 d6 2.d4 Nf6 3.g3 g6 4.b3 Bg7 5.Bb2 O-O 6.Bg2 c5 7.c4 a6 8.O-O Nc6 9.Nc3
Rb8 10.dxc5 dxc5 11.Na4 Nd7 12.Bxg7 Kxg7 13.Qd2 Qc7 14.Rfd1 b6 15.Nc3 Nf6 16.
Nd5 Nxd5 17.cxd5 Na5 18.Qc3+ Kg8 19.e4 Bg4 20.e5 Rbd8 21.h3 Bxf3 22.Bxf3 b5
23.h4 b4 24.Qe3 Kg7 25.h5 f6 26.Rac1 Nb7 27.d6 exd6 28.e6 Rfe8 29.hxg6 hxg6
30.Kg2 Qe7 31.Bd5 Rh8 32.Qf3 Na5 33.Qe2 Rc8 34.Qxa6 Qc7 35.Bf3 Nc6 36.Rxc5
dxc5 37.Rd7+ Ne7 38.Bb7 Qe5 39.Rxe7+ Kh6 40.Qc4 Rce8 41.Qh4+ Qh5 42.Qxf6 Reg8
43.Bf3 Qg5 44.Qf7 Qe5 45.Bc6 Rf8 46.Re8 Rxf7 47.exf7 Qg7 48.Bd5 Rf8 49.Re7 Qf6
50.Re3 Kg7 51.Rf3 Qb2 52.Bc4 Qxa2 53.g4 Qd2 54.Kg3 Qd6+ 55.Kg2 Rh8 56.Rd3 Qh2+
57.Kf1 Qh1+ 58.Ke2 Qe4+ 59.Kd2 Qxg4 0-1

[Event "Cto de Aragon  Equipos Cat Preferente"]
[Site "Aragon"]
[Date "2010.02.27"]
[Round "6.3"]
[White "Antolin Concha Diego"]
[Black "Lopez Gracia Fernando"]
[Result "0-1"]
[WhiteElo "2191"]
[BlackElo "2303"]

1.d4 Nf6 2.c4 g6 3.Nc3 Bg7 4.Nf3 O-O 5.Bf4 d6 6.h3 c5 7.d5 b5 8.cxb5 a6 9.bxa6
Bxa6 10.g4 Qa5 11.Qd2 Nbd7 12.Bg2 Nb6 13.O-O Nc4 14.Qc1 Nxb2 15.Rb1 Nc4 16.Nd2
Nd7 17.Nxc4 Bxc4 18.Bd2 Qa6 19.a4 Nb6 20.Nb5 Qxa4 21.Nxd6 exd6 22.Rxb6 Bxe2
23.Re1 Bd3 24.Rxd6 c4 25.Bc3 Bxc3 26.Qxc3 Qb3 27.Qe5 c3 28.Rc6 c2 29.d6 Bb5
30.Qc3 Qb1 31.Rc5 Rae8 32.Rf1 Bxf1 33.Bxf1 Re1 34.Rc8 Rxf1+ 35.Kg2 Qb7+ 0-1

[Event "Cto de Aragon  Equipos Cat Preferente"]
[Site "Aragon"]
[Date "2010.02.27"]
[Round "6.4"]
[White "Moreno Gracia Daniel"]
[Black "Glaria Murillo Christian"]
[Result "1-0"]
[WhiteElo "2246"]
[BlackElo "2181"]

1.Nf3 g6 2.g3 Bg7 3.Bg2 e5 4.O-O d6 5.d3 Nf6 6.c4 O-O 7.Nc3 h6 8.b4 Re8 9.Bb2
a6 10.a4 c6 11.e4 Be6 12.Qe2 Nbd7 13.d4 Bg4 14.d5 c5 15.b5 a5 16.Qe3 Bxf3 17.
Bxf3 b6 18.Be2 Nh7 19.Kg2 Qg5 20.Qd3 Rf8 21.h4 Qe7 22.h5 g5 23.Nd1 f5 24.exf5
e4 25.Qc2 Bxb2 26.Qxb2 Rxf5 27.Ne3 Rff8 28.Bg4 Ne5 29.Be6+ Kh8 30.Ng4 Qg7 31.
Nxe5 Qxe5 32.Qxe5+ dxe5 33.Rae1 Nf6 34.g4 Rad8 35.Kg3 Kg7 36.Rh1 Ne8 37.Rxe4
Nd6 38.Rxe5 Nxc4 39.Re2 Nd6 40.Rhe1 Rf4 41.Bf5 Nxf5+ 42.gxf5 Rxf5 43.Re7+ Rf7
44.Rxf7+ Kxf7 45.Re6 Rxd5 46.Rxb6 Rd4 47.Rxh6 Rxa4 48.Rc6 Kg7 49.Rg6+ Kh7 50.
Rxg5 c4 51.Rc5 Rb4 52.Kg4 c3+ 53.Kg5 c2 54.Rc7+ Kg8 55.Kg6 Rg4+ 56.Kh6 Rb4 57.
Rxc2 Rxb5 58.f4 a4 59.Rc8+ Kf7 60.Ra8 Rb4 61.Kg5 a3 62.Rxa3 Rb5+ 63.f5 Rb1 64.
Ra7+ Kf8 65.Kg6 Rg1+ 66.Kf6 Kg8 67.Ra8+ Kh7 68.Kf7 Rg5 69.f6 Rxh5 70.Ra1 Rh2
71.Re1 Kh6 72.Ke7 Ra2 73.f7 Ra7+ 74.Kf6 Ra6+ 75.Re6 Ra8 76.Re8 Ra6+ 77.Ke5 1-0

[Event "Cto de Aragon  Equipos Cat Preferente"]
[Site "Aragon"]
[Date "2010.02.27"]
[Round "6.5"]
[White "Llorente Zaro Alfonso"]
[Black "Llanes Luno Ricardo"]
[Result "1-0"]
[WhiteElo "2401"]
[BlackElo "2224"]

1.c4 c6 2.Nf3 Nf6 3.d4 d5 4.e3 g6 5.h3 Bg7 6.Nc3 O-O $1 7.Bd3 b6 8.Qe2 Nbd7 9.
b3 e5 10.dxe5 dxc4 11.Bxc4 Nd5 12.Bb2 Nxe5 13.Nxe5 Bxe5 14.Nxd5 cxd5 15.Rd1
Bxb2 16.Qxb2 Bb7 17.Be2 Qe7 18.O-O $1 Rfe8 19.Rd4 Rac8 20.Bf3 Qg5 21.Rfd1 Rcd8
22.Qa3 a5 23.Qa4 Re5 24.Qb5 Rd6 25.b4 axb4 26.Qxb4 Rf6 27.Rf4 Ref5 28.Rxf5
Qxf5 29.Qe7 Bc6 30.Rc1 Kg7 31.Qd8 Qe5 32.Qxb6 Bd7 33.Qa5 Bxh3 34.Qxd5 Qb2 35.
Qd1 Qa3 36.gxh3 Rxf3 37.Qxf3 Qxc1+ 38.Kg2 Qa3 39.Qd5 f6 40.e4 g5 41.Qd7+ Kg6
42.Qe6 Kg7 43.Qc4 h6 44.Qe6 Qa8 45.Qd5 Qa3 46.Qc4 Qa8 47.a4 Kg6 48.Kf3 h5 49.
Qb5 g4+ 50.hxg4 hxg4+ 51.Kf4 Qa7 52.Kg3 Kf7 53.Qh5+ Kg7 54.Qxg4+ Kf7 55.Qh5+
Kg7 56.a5 Qc7+ 57.Kg2 Qb7 58.Qd5 Qc8 59.Qf5 Qb7 60.Qe6 Qc7 61.a6 Qa5 62.Qd7+
Kf8 63.Qd6+ Kg7 64.e5 fxe5 65.Qd7+ Kf6 66.a7 e4 67.Qc6+ Kf7 68.a8=Q Qg5+ 69.
Kf1 1-0

[Event "Cto de Aragon  Equipos Cat Preferente"]
[Site "Aragon"]
[Date "2010.02.27"]
[Round "6.6"]
[White "Lamas Mercadal Manuel"]
[Black "Ramon Perez Jose Luis"]
[Result "1/2-1/2"]
[WhiteElo "2211"]
[BlackElo "2312"]

1.e4 e5 2.Nf3 Nc6 3.Bc4 Nf6 4.d4 exd4 5.e5 d5 6.Bb5 Ne4 7.Nxd4 Bd7 8.Bxc6 bxc6
9.O-O $1 c5 10.Nb3 c6 11.c4 dxc4 12.N3d2 Nxd2 13.Nxd2 Be6 14.Qa4 Qb6 15.Qc2
Be7 16.Nxc4 Bxc4 17.Qxc4 O-O $1 18.b3 Rad8 19.Be3 Rd5 20.f4 Qd8 21.Qc2 Qd7 22.
Rad1 Rd8 23.Rxd5 cxd5 24.Bxc5 Bxc5+ 25.Qxc5 d4 26.Rd1 d3 27.Qc3 h5 28.h3 Qf5
29.Qd2 Qe4 30.Re1 Qd4+ 31.Kh2 Rc8 32.Rc1 Rd8 33.Rd1 a5 34.Rc1 g6 35.Rc4 Qd5
36.Rc7 Qe4 37.Rc4 Rd4 38.Rxd4 Qxd4 39.Kg3 Qe4 40.Kf2 h4 41.Qe3 Qd5 42.Qd2 Qc5+
43.Kf3 Qd4 44.a3 Qd5+ 45.Ke3 Qc5+ 46.Kf3 Qc6+ 47.Ke3 Qb6+ 48.Kxd3 Qxb3+ 49.Qc3
Qd5+ 50.Qd4 Qb3+ 51.Qc3 Qb1+ 52.Ke3 Qg1+ 53.Kf3 Qf1+ 54.Kg4 a4 55.Qf3 Qe1 56.
Kg5 Kg7 57.Qg4 Qf2 58.Qxh4 Qxg2+ 59.Qg4 Qd5 60.Kh4 Qc5 61.Qd7 Qf2+ 62.Kg4 Qe2+
63.Kh4 Qf2+ 64.Kg4 Qe2+ 65.Kh4 1/2-1/2

[Event "Cto de Aragon  Equipos Cat Preferente"]
[Site "Aragon"]
[Date "2010.02.27"]
[Round "6.7"]
[White "Remiro Juste Fernando Jose"]
[Black "Naya Sancho Jose Ignacio"]
[Result "1-0"]
[WhiteElo "2306"]
[BlackElo "2069"]

1.d4 d5 2.Bg5 Nf6 3.Bxf6 exf6 4.e3 Bd6 5.g3 c6 6.Bg2 Be6 7.Nd2 f5 8.Ne2 Nd7 9.
O-O $1 Nf6 10.c4 dxc4 11.Qc2 O-O $1 12.Nxc4 Bc7 13.Rac1 Re8 14.b4 Ne4 15.Rfe1
Qg5 16.Nf4 Bxf4 17.gxf4 Qh4 18.f3 Nf6 19.Bf1 g6 20.a4 Bd5 21.Ne5 Nh5 22.Bc4
Rad8 23.b5 cxb5 24.Bxd5 Rxd5 25.Qb3 Red8 26.axb5 Qe7 27.Ra1 Qe8 28.Reb1 Qe7
29.Rxa7 Nxf4 30.exf4 Rxd4 31.Qxf7+ Qxf7 32.Nxf7 Kxf7 33.Rxb7+ Kg8 34.b6 Rd2
35.Rc7 Rd1+ 1-0

[Event "Cto de Aragon  Equipos Cat Preferente"]
[Site "Aragon"]
[Date "2010.02.27"]
[Round "6.8"]
[White "Roche Simon Miguel Angel"]
[Black "Valiente Gimenez Jose Luis"]
[Result "0-1"]
[WhiteElo "2052"]
[BlackElo "2128"]

1.e4 e5 2.d4 exd4 3.Nf3 Nc6 4.Nxd4 Bc5 5.Nxc6 Qf6 6.Qf3 dxc6 7.Qxf6 Nxf6 8.f3
Be6 9.Nd2 O-O-O 10.Nb3 Bb6 11.Bd2 Bf2+ 12.Kxf2 Bxb3 13.axb3 Rxd2+ 14.Be2 a6
15.Rac1 Rhd8 16.Ke3 Nh5 17.g3 g5 18.Rhd1 R2d6 19.f4 gxf4+ 20.gxf4 Nf6 21.Rxd6
cxd6 22.Bd3 Rg8 23.Kf3 Kd8 24.b4 Ke7 25.Re1 h6 26.Bc4 Nd7 27.Bb3 Nf8 28.c3 h5
29.e5 d5 30.Bd1 Ne6 31.f5 Ng5+ 32.Ke3 f6 33.Kd4 Ne4 34.c4 fxe5+ 35.Kxe5 Nf6
36.Kf4+ Kf7 37.b3 Rg2 38.h3 dxc4 39.bxc4 Rb2 40.Kg5 Rg2+ 41.Kh4 Rb2 42.Kg5
Rg2+ 43.Kh4 Rf2 44.Bxh5+ Nxh5 45.Kxh5 Rxf5+ 46.Kg4 Rf2 47.c5 Rc2 48.Re4 Kf6
49.h4 Rc1 50.Rd4 Ke5 51.Rc4 0-1

[Event "Cto de Aragon  Equipos Cat Preferente"]
[Site "Aragon"]
[Date "2010.02.27"]
[Round "6.10"]
[White "Ferrer Echavarri Francisco Javier"]
[Black "Ramiro Ovejero Juan Luis"]
[Result "0-1"]
[WhiteElo "1972"]
[BlackElo "2346"]

1.d4 Nf6 2.c4 c5 3.Nf3 cxd4 4.Nxd4 e5 5.Nb5 d5 6.Bg5 Bb4+ 7.Bd2 Bxd2+ 8.Qxd2
a6 9.N5a3 d4 10.b4 O-O 11.g3 a5 12.b5 Ne4 13.Qb2 Qf6 14.f3 Nd6 15.Bg2 Nf5 16.
Nc2 Be6 17.Nd2 Qh6 18.Rd1 Nd7 19.O-O Nc5 20.Nb3 Na4 21.Qc1 Nc3 22.Rf2 Nxd1 23.
Qxd1 Bxc4 24.f4 Ne3 25.Qd2 Ng4 0-1

[Event "Cto de Aragon  Equipos Cat Preferente"]
[Site "Aragon"]
[Date "2010.02.27"]
[Round "6.11"]
[White "Antoli Royo Joaquin Miguel"]
[Black "Carilla Garcia Angel"]
[Result "1-0"]
[WhiteElo "2334"]
[BlackElo "1831"]

1.e4 e6 2.d4 d5 3.Nd2 dxe4 4.Nxe4 Nf6 5.Nxf6+ Qxf6 6.Nf3 h6 7.Bd3 Bd6 8.Qe2
Bd7 9.Ne5 Bc6 10.Bd2 a6 11.f4 Bxe5 12.dxe5 Qh4+ 13.g3 Qe7 14.Rg1 Nd7 15.Qe3
Qc5 16.O-O-O O-O-O 17.Qe2 Qd5 18.Bc4 Qf3 19.Qe1 Nb6 20.Be2 Qe4 21.Qf2 Qa4 22.
Kb1 Be4 23.Qc5 Rd5 24.Qc3 Rhd8 25.b3 Qd4 26.Qxd4 Rxd4 27.Be3 Rxd1+ 28.Rxd1
Rxd1+ 29.Bxd1 Nd7 30.Kb2 c5 31.a3 Kc7 32.Kc3 Kc6 33.Bf2 Nb6 34.Kd2 Nd7 35.Ke3
Bg2 36.Be2 b5 37.Bd3 g6 38.g4 Bh3 39.Kf3 h5 40.Be4+ Kc7 41.gxh5 gxh5 42.Kg3
Bg4 43.Kh4 f6 44.exf6 Nxf6 45.Bg6 Bd1 46.Bxc5 Kc6 47.Bd4 Nd5 48.Kg5 Ne7 49.
Be4+ Kd7 50.b4 1-0

[Event "Cto de Aragon  Equipos Cat Preferente"]
[Site "Aragon"]
[Date "2010.02.27"]
[Round "6.12"]
[White "Nasarre Abizanda Tomas"]
[Black "Cortes Lizano Jesus"]
[Result "0-1"]
[WhiteElo "1687"]
[BlackElo "2182"]

1.d4 Nf6 2.c4 c6 3.Nc3 d5 4.e3 g6 5.h3 Bg7 6.cxd5 cxd5 7.Nf3 O-O 8.Bd3 Nc6 9.
a3 a6 10.O-O Bf5 11.Bxf5 gxf5 12.Ng5 e6 13.f4 h6 14.Nf3 Ne4 15.Kh2 Nxc3 16.
bxc3 Rc8 17.Rg1 Kh8 18.g4 fxg4 19.Rxg4 Ne7 20.Qd3 Nf5 21.Bd2 Bf6 22.Rag1 Qe7
23.e4 dxe4 24.Qxe4 b5 25.d5 Qb7 26.Ne5 Rcd8 27.c4 bxc4 28.Bc3 Qxd5 29.Qxd5
exd5 30.Bb4 Bxe5 31.Bxf8 Bd4 32.Bb4 Bxg1+ 0-1

[Event "Cto de Aragon  Equipos Cat Preferente"]
[Site "Aragon"]
[Date "2010.02.27"]
[Round "6.13"]
[White "Valles Mata David"]
[Black "Gomez Anadon Daniel"]
[Result "1/2-1/2"]
[WhiteElo "2150"]
[BlackElo "2256"]

1.d4 d5 2.Nf3 c6 3.e3 Bf5 4.c4 e6 5.cxd5 exd5 6.Bd3 Bxd3 7.Qxd3 Nf6 8.Nc3 Bd6
9.O-O O-O 10.e4 dxe4 11.Nxe4 Nxe4 12.Qxe4 Nd7 13.Bg5 Qc7 14.Rfe1 Nb6 15.g3 Nd5
16.Nh4 Qd7 17.Nf5 f6 18.Nxd6 Qxd6 19.Bd2 Rad8 20.Rad1 f5 21.Qe5 Qg6 22.Qe6+
Qxe6 23.Rxe6 Rd7 24.Rde1 Kf7 25.R6e5 g6 26.Bg5 Rh8 27.a3 h6 28.Bd2 Re7 29.h4
h5 30.Rxe7+ Nxe7 31.Bf4 Nd5 32.Be5 Rd8 33.Rc1 Nb6 34.Rc2 Rd5 35.f4 a5 36.b3
Rb5 37.Rc3 Ke6 38.Kf2 a4 39.b4 Rd5 40.Ke3 Kd7 41.Kf3 Nc8 42.Ke3 b5 43.Kd3 Nb6
44.Ke3 Nc4+ 45.Kf3 Nd2+ 46.Ke2 Ne4 47.Re3 Ke6 48.Kd3 c5 49.bxc5 Nxc5+ 50.Kc3
Ne4+ 51.Kb4 Kd7 52.Re2 Nd6 53.Bxd6 Rxd4+ 54.Kxb5 Kxd6 55.Re3 Kd5 56.g4 1/2-1/2

[Event "Cto de Aragon  Equipos Cat Preferente"]
[Site "Aragon"]
[Date "2010.02.27"]
[Round "6.14"]
[White "Gimenez Martinez Alberto"]
[Black "Solano Lasierra Javier"]
[Result "0-1"]
[WhiteElo "2088"]
[BlackElo "2142"]

1.e4 e6 2.Qe2 Ne7 3.Nf3 d5 4.d3 c5 5.g3 Nbc6 6.Bg2 g6 7.O-O Bg7 8.c4 O-O 9.e5
Nf5 10.Bf4 Ncd4 11.Nxd4 Nxd4 12.Qd2 b6 13.Nc3 Bb7 14.Rae1 Qd7 15.Bh6 dxc4 16.
Bxg7 Kxg7 17.Ne4 Bxe4 18.Rxe4 Rad8 19.Rh4 Nf5 20.Rxc4 Qxd3 21.Qxd3 Rxd3 22.
Rfc1 Rfd8 23.Kf1 Rd1+ 24.Rxd1 Rxd1+ 25.Ke2 Rb1 26.a4 Rxb2+ 27.Kf3 Nd4+ 0-1

[Event "Cto de Aragon  Equipos Cat Preferente"]
[Site "Aragon"]
[Date "2010.02.27"]
[Round "6.15"]
[White "Felez Casedas Carlos"]
[Black "Jaques Burguete Raul"]
[Result "1-0"]
[WhiteElo "1997"]
[BlackElo "2067"]

1.e4 Nc6 2.Nf3 d5 3.exd5 Qxd5 4.Nc3 Qa5 5.d4 Bg4 6.Bb5 O-O-O 7.Bxc6 bxc6 8.Qd3
f6 9.h3 Bxf3 10.Qxf3 e5 11.dxe5 Qxe5+ 12.Qe3 Qxe3+ 13.Bxe3 Kb7 14.O-O Ne7 15.
Rfd1 Rxd1+ 16.Rxd1 Ng6 17.Rd8 Bd6 18.Rxh8 Nxh8 19.Ne4 Nf7 20.Nc5+ Bxc5 21.Bxc5
Ne5 22.Kf1 Nd7 23.Be3 c5 24.Ke2 Kc6 25.c4 a5 26.a4 Ne5 27.b3 Nf7 28.Bd2 Kb6
29.Bc3 Ng5 30.Ke3 Ne6 31.g4 Kc6 32.h4 Kd6 33.f4 h6 34.Bxa5 Nd4 35.Bc3 Nxb3 36.
h5 Kc6 37.g5 fxg5 38.fxg5 Nd4 39.gxh6 Nf5+ 40.Kf4 Nxh6 41.Bxg7 Nf7 42.h6 Kb6
43.h7 Ka5 44.Kf5 Nd6+ 45.Ke6 Kxa4 46.h8=Q Nxc4 47.Kd5 Kb5 48.Qe8+ Kb4 49.Qe1+
1-0

[Event "Cto de Aragon  Equipos Cat Preferente"]
[Site "Aragon"]
[Date "2010.02.27"]
[Round "6.16"]
[White "Arregui Untoria Carlos"]
[Black "Puertolas Serena Arturo"]
[Result "0-1"]
[WhiteElo "2039"]
[BlackElo "1989"]

1.d4 Nf6 2.c4 e6 3.Nf3 d5 4.g3 Be7 5.Bg2 O-O 6.O-O dxc4 7.Ne5 Nc6 8.Bxc6 bxc6
9.Nxc6 Qd6 10.Nxe7+ Qxe7 11.b3 Rd8 12.bxc4 Qd7 13.Bb2 Rb8 14.Qc2 Bb7 15.f3 c5
16.Rd1 Qc6 17.e4 cxd4 18.Rxd4 Ba6 19.Rxd8+ Rxd8 20.Nd2 Qc5+ 21.Kg2 Qe3 22.Nf1
Qc5 23.Rc1 h5 24.Qa4 Bb7 25.Qb5 Nxe4 26.fxe4 Bxe4+ 27.Kh3 Bf5+ 28.Kg2 Be4+ 29.
Kh3 Bf5+ 30.g4 hxg4+ 31.Kg2 Be4+ 32.Kg3 Qd6+ 33.Qe5 Qd3+ 34.Kxg4 Qf3+ 35.Kh4
Qf2+ 36.Kg4 Bf5+ 37.Kg5 f6+ 0-1

[Event "Cto de Aragon  Equipos Cat Preferente"]
[Site "Aragon"]
[Date "2010.02.27"]
[Round "6.17"]
[White "Aparicio Navarro Pedro Jose"]
[Black "Villuendas Valero Adrian"]
[Result "0-1"]
[WhiteElo "2203"]
[BlackElo "2184"]

1.Nf3 d5 2.c4 d4 3.d3 Nc6 4.g3 e5 5.Bg2 Nf6 6.O-O Bd6 7.Bg5 h6 8.Bxf6 Qxf6 9.
Nbd2 O-O 10.Ne4 Qd8 11.Nxd6 cxd6 12.Nd2 Be6 13.a3 Qd7 14.Re1 f5 15.b4 Ne7 16.
Nb3 f4 17.c5 d5 18.a4 Bh3 19.Qd2 Rf6 20.b5 Raf8 21.Rf1 fxg3 22.hxg3 Qg4 23.e3
Bxg2 24.Kxg2 Nf5 25.Qd1 Nh4+ 0-1

[Event "Cto de Aragon  Equipos Cat Preferente"]
[Site "Aragon"]
[Date "2010.02.27"]
[Round "6.18"]
[White "Cantin Zaborras Valentin"]
[Black "Lana Rodriguez David"]
[Result "1-0"]
[WhiteElo "2117"]
[BlackElo "2177"]

1.e4 e5 2.Nf3 Nc6 3.Bc4 Bc5 4.b4 Bxb4 5.c3 Bd6 6.d4 Nf6 7.dxe5 Nxe5 8.Nxe5
Bxe5 9.f4 Bd6 10.e5 Qe7 11.Qe2 O-O 12.exd6 Qxd6 13.Ba3 c5 14.O-O Re8 15.Qf3
Rb8 16.Rd1 Qc7 17.h3 Re4 18.Nd2 Rxf4 19.Qe3 b6 20.Rf1 Rxf1+ 21.Rxf1 Bb7 22.Qe7
Rf8 23.Nf3 Qg3 24.Qe5 Qg6 25.Qg5 Qe4 26.Ne5 h6 27.Qg3 Nh5 28.Qf3 Qxe5 29.Bxf7+
Kh8 30.Qxh5 Qg3 31.Qe2 d6 32.Bb2 b5 33.c4 bxc4 34.Bxc4 Rxf1+ 35.Qxf1 Qe3+ 36.
Kh2 Qe7 37.Qf4 Kh7 38.Bd3+ Kg8 39.Qf5 Qg5 40.Qxg5 hxg5 41.Kg3 Kf7 42.Kf2 Bd5
43.a4 Bc6 44.a5 d5 45.g3 Bd7 46.h4 gxh4 47.gxh4 Be6 48.Bb5 Bf5 49.Ba3 c4 50.
Ke3 c3 51.Bc5 g5 52.hxg5 Kg6 53.Bxa7 Kxg5 54.Bd4 c2 55.Kd2 Bc8 56.Kxc2 Kf5 57.
Kc3 Ke6 58.Kb4 Kd6 59.a6 Kc7 60.Kc5 Bh3 61.Bc6 Bc8 62.Be5+ 1-0

[Event "Cto de Aragon  Equipos Cat Preferente"]
[Site "Aragon"]
[Date "2010.02.27"]
[Round "6.19"]
[White "Munoz Munoz Juan Carlos"]
[Black "Valiente Roy Jose Javier"]
[Result "0-1"]
[WhiteElo "2129"]
[BlackElo "2060"]

1.e4 Nf6 2.d3 e5 3.Nf3 Nc6 4.g3 d5 5.Nbd2 Bc5 6.Bg2 dxe4 7.dxe4 O-O 8.O-O Qe7
9.c3 Rd8 10.Qc2 a5 11.a4 Ne8 12.Nc4 Nd6 13.Nxd6 Qxd6 14.Bg5 f6 15.Rad1 Qe7 16.
Rxd8+ Nxd8 17.Bc1 Be6 18.Nd2 Nf7 19.Rd1 Rd8 20.Nf1 Bg4 21.Rd3 Rxd3 22.Qxd3 Qd6
23.Qxd6 Nxd6 24.Be3 Bxe3 25.Nxe3 Bd7 26.b3 c6 27.f4 Be6 28.c4 b6 29.Kf2 Nb7
30.Nf1 Nc5 31.Nd2 Kf8 32.Ke3 Ke7 33.Bf3 Kd6 34.Bd1 Bd7 35.Nf3 Bg4 36.Bc2 Bxf3
37.Kxf3 Ne6 38.fxe5+ fxe5 39.Ke3 Kc5 40.Bd1 Kb4 41.Kf3 Nd4+ 42.Kg4 Kc3 43.Kg5
Kd2 44.Bh5 Ke3 45.Bf7 Kxe4 46.Bg8 Nf3+ 47.Kh5 Nxh2 48.Bxh7+ Kf3 49.Kh4 e4 50.
g4 e3 51.Bd3 Nxg4 52.Kg5 Ne5 53.c5 bxc5 54.Ba6 e2 55.Bxe2+ Kxe2 0-1